Fast labour /

Bibliographic Details
Main Author: Waters, Steve
Corporate Authors: West Yorkshire Playhouse, Hampstead Theatre
Format: Book
Language:English
Published: London : Nick Hern, 2008.
Subjects:

MARC

Tag First Indicator Second Indicator Subfields
LEADER 00000cam a2200000 a 4500
001 in00002437521
005 20151110040230.0
008 080723s2008 enka 000 d eng
010 |a  2008428582 
015 |a GBA809377  |2 bnb 
016 7 |a 014500750  |2 Uk 
020 |a 9781854595744 (pbk.) 
020 |a 1854595741 (pbk.) 
029 1 |a AU@  |b 000043215628 
035 |a (OCoLC)ocn191244407 
035 |a (OCoLC)191244407 
040 |a UKM  |c UKM  |d DLC  |d BTCTA  |d BAKER  |d BWKUK  |d BWK  |d YDXCP  |d CDX  |d UtOrBLW 
042 |a lccopycat 
049 |a TXAM 
050 0 0 |a PR6123.A84  |b F37 2008 
082 0 4 |a 822.92  |2 22 
100 1 |a Waters, Steve. 
245 1 0 |a Fast labour /  |c by Steve Waters. 
246 1 |i At head of title:  |a Hampsteadtheatre and the West Yorkshire Playhouse present The president's holiday 
246 3 |a Fast labor 
264 1 |a London :  |b Nick Hern,  |c 2008. 
300 |a 103 pages :  |b illustrations ;  |c 20 cm. 
336 |a text  |b txt  |2 rdacontent 
337 |a unmediated  |b n  |2 rdamedia 
338 |a volume  |b nc  |2 rdacarrier 
500 |a Published in association with the West Yorkshire Playhouse and the Hampstead Theatre. 
650 0 |a Labor market  |x Corrupt practices  |z Great Britain  |v Drama. 
650 0 |a Foreign workers  |z Great Britain  |v Drama. 
650 0 |a Ukrainians  |z Great Britain  |v Drama. 
650 0 |a Illegal aliens  |z Great Britain  |v Drama. 
710 2 |a West Yorkshire Playhouse. 
710 2 |a Hampstead Theatre. 
938 |a Baker and Taylor  |b BTCP  |n BK0007625166 
938 |a Baker & Taylor  |b BKTY  |c 18.95  |d 18.95  |i 1854595741  |n 0007625166  |s active 
938 |a Blackwell Book Service UK  |b BBUK  |n L6786375  |c 8.99 
938 |a YBP Library Services  |b YANK  |n 100494565 
938 |a Coutts Information Services  |b COUT  |n 6637942  |c 18.95 USD 
945 |a PromptCat  |b 571982 
946 |a stk 
947 |a A14837399720 
994 |a 92  |b TXA 
948 |a cataloged  |b h  |d 2008/12/11  |h c  |e asalazar  |f 12:18:41 pm 
999 |a MARS 
999 f f |s 359ead78-0b75-3c73-8e21-0595c4a2177e  |i 120905e1-ca60-33a4-93dc-13b2f702efd0  |t 0 
952 f f |p normal  |a Texas A&M University  |b College Station  |c Sterling C. Evans Library  |s Evans stk  |d Evans: Library Stacks  |t 0  |e PR6123.A84 F37 2008  |h Library of Congress classification  |i unmediated -- volume  |m A14837399720 
998 f f |a PR6123.A84 F37 2008  |t 0  |l Evans: Library Stacks